[Event "Zlin Region-chT 2324"]
[Site "Czech Republic"]
[Date "2024.02.18"]
[Round "8.5"]
[White "Myska, Dusan"]
[Black "Janska, Petr"]
[Result "1-0"]
[WhiteElo "1787"]
[BlackElo "1816"]
[PlyCount "57"]
[EventDate "2023.10.22"]
[EventType "team-tourn"]
[EventRounds "11"]
[EventCountry "CZE"]
[SourceTitle "EXT 2025"]
[Source "ChessBase"]
[SourceDate "2024.10.14"]
[SourceVersion "1"]
[SourceVersionDate "2024.10.14"]
[SourceQuality "1"]
[WhiteTeam "Holesov"]
[BlackTeam "Borsice"]
[WhiteTeamCountry "CZE"]
[BlackTeamCountry "CZE"]

1. e4 c5 2. Nf3 Nc6 3. d4 cxd4 4. Nxd4 Nf6 5. Nc3 d6 6. h3 Qa5 7. Nb3 Qe5 8. f4 Qh5 9. Qxh5 Nxh5 10. Bd3 g6 11. Nd5 Kd8 12. g4 Nf6 13. Bd2 Bg7 14. 0-0-0 Be6 15. c4 Rc8 16. Kb1 Nd7 17. Be3 Bxd5 18. exd5 Nb4 19. Be2 Nb6 20. a3 Na6 21. Rc1 e5 22. Rhd1 Ke7 23. fxe5 Bxe5 24. Nd4 Nc5 25. Nf3 Nb3 26. Rc2 Bg7 27. Ka2 Na5 28. Bxb6 axb6 29. b4 1-0

[Event "CZE-chT U20 final-B 1011"]
[Site "Czech Republic"]
[Date "2011.04.17"]
[Round "11.5"]
[White "Janska, Petr"]
[Black "Johnova, Eliska"]
[Result "1-0"]
[WhiteElo "1727"]
[BlackElo "1751"]
[PlyCount "121"]
[EventDate "2010.10.02"]
[EventType "team-tourn"]
[EventRounds "11"]
[EventCountry "CZE"]
[SourceTitle "EXT 2012"]
[Source "ChessBase"]
[SourceDate "2011.11.24"]
[SourceVersion "1"]
[SourceVersionDate "2011.11.24"]
[SourceQuality "1"]
[WhiteTeam "Borsice (U20)"]
[BlackTeam "Horice (U20)"]
[WhiteTeamCountry "CZE"]
[BlackTeamCountry "CZE"]

1. e4 e6 2. d4 d5 3. exd5 exd5 4. f4 Nf6 5. Nf3 Bg4 6. Be2 c5 7. 0-0 Nc6 8. c3 Be7 9. Be3 Qb6 10. b3 0-0 11. h3 Bf5 12. Ne5 Rad8 13. Kh1 Ne4 14. Kh2 Bh4 15. Rf3 Nxe5 16. fxe5 Qg6 17. Bf4 Nf2 18. Qf1 Be4 19. Re3 cxd4 20. cxd4 Bxb1 21. Rxb1 Ne4 22. Rf3 f6 23. Rd1 Rde8 24. Bd3 Bg5 25. Bxg5 Qxg5 26. Bxe4 dxe4 27. Rf5 Qe3 28. exf6 Rxf6 29. Rxf6 gxf6 30. Qxf6 Rf8 31. Qe6+ Kg7 32. Qe5+ Kh6 33. Qd6+ Kg7 34. Qe7+ Rf7 35. Qe5+ Kg6 36. Qe6+ Kg7 37. Qe5+ Kg6 38. d5 Qe2 39. Qe6+ Rf6 40. Qg4+ Qxg4 41. hxg4 Rd6 42. Kg3 Kg5 43. Rd4 h6 44. Kf2 Kxg4 45. Rxe4+ Kf5 46. Rd4 Ke5 47. Ke3 b5 48. Rh4 Kxd5 49. Rd4+ Ke5 50. Rxd6 Kxd6 51. Kf4 Ke6 52. Kg4 Kf6 53. Kh5 Kg7 54. g4 a5 55. g5 hxg5 56. Kxg5 a4 57. b4 a3 58. Kf5 Kh6 59. Ke5 Kg5 60. Kd5 Kf5 61. Kc5 1-0

[Event "CZE-chT U20 final-A 0910"]
[Site "Pavla Vlachovice"]
[Date "2010.04.24"]
[Round "9.6"]
[White "Janska, Petr"]
[Black "Pajersky, Michal"]
[Result "1-0"]
[WhiteElo "1584"]
[BlackElo "1686"]
[PlyCount "55"]
[EventDate "2010.04.23"]
[EventType "team-tourn"]
[EventRounds "11"]
[EventCountry "CZE"]
[SourceTitle "EXT 2011"]
[Source "ChessBase"]
[SourceDate "2010.11.26"]
[SourceVersion "1"]
[SourceVersionDate "2010.11.26"]
[SourceQuality "1"]
[WhiteTeam "Borsice (U20)"]
[BlackTeam "Liberec (U20)"]
[WhiteTeamCountry "CZE"]
[BlackTeamCountry "CZE"]

1. e4 e5 2. Nf3 Nf6 3. Nc3 d6 4. d4 exd4 5. Nxd4 Be7 6. Bd3 0-0 7. 0-0 Re8 8. f4 Nbd7 9. Qe2 Bf8 10. Rf3 Nc5 11. Rg3 Kh8 12. Qf3 Qe7 13. f5 Ncxe4 14. Nxe4 Nxe4 15. Rg4 d5 16. c4 c6 17. cxd5 cxd5 18. b3 Qc5 19. Bb2 Nf6 20. Rh4 Bd7 21. Kh1 Qb4 22. Qf2 Qb6 23. Qg3 h6 24. Nf3 Re3 25. Rxh6+ gxh6 26. Qh4 Rxd3 27. Bxf6+ Bg7 28. Qxh6+ 1-0

[Event "CZE-chTE U20 0910"]
[Site "Czech Republic"]
[Date "2010.01.23"]
[Round "7.5"]
[White "Skorepa, Jakub"]
[Black "Janska, Petr"]
[Result "0-1"]
[WhiteElo "1483"]
[BlackElo "1584"]
[PlyCount "48"]
[EventDate "2009.10.03"]
[EventType "team-tourn"]
[EventRounds "7"]
[EventCountry "CZE"]
[SourceTitle "EXT 2011"]
[Source "ChessBase"]
[SourceDate "2010.11.26"]
[SourceVersion "1"]
[SourceVersionDate "2010.11.26"]
[SourceQuality "1"]
[WhiteTeam "Bedrichov (U20)"]
[BlackTeam "Borsice (U20)"]
[WhiteTeamCountry "CZE"]
[BlackTeamCountry "CZE"]

1. e4 c5 2. Nf3 Nc6 3. d4 cxd4 4. Nxd4 Nf6 5. Nc3 g6 6. Be2 Bg7 7. Be3 0-0 8. 0-0 d6 9. f4 e6 10. g4 Qb6 11. Qd2 Nxe4 12. Nxe4 Bxd4 13. Bxd4 Nxd4 14. Kg2 f5 15. Nc3 Bd7 16. Rad1 Nxe2 17. Nxe2 Qxb2 18. Qxd6 Qxc2 19. Kf2 Rad8 20. Rd2 Qc6 21. gxf5 exf5 22. Qa3 a6 23. Qb2 Qc5+ 24. Kg2 Bc6+ 0-1